00560nam a2200193 a 4500001001300000003000900013005001700022008004100039020002500080082002000105100001800125245007000143260004900213300001000262500003500272505001500307650002600322700001800348nice12345678IN_TiNIC20260116013117.0050524s1993 pria grp 000 0 eng  a0691702 c19.9500a297.095981bBOW aBowen, John R aMuslims Through Discourseb Religion and Ritual Jin Gayo Society, aPrincetonbPrinceton University Press c1993 a358p. aincludes index and biblioraphy2 aFor Review aIslam-Indonesia-Gayos1 aBowen, John R